00412nam a2200181Ia 4500003000400000005001700004008004100021040000700062041000800069082002300077100001800100245001900118250000600137260004000143365001400183650001400197650001900211OSt20230518114145.0210423s1984 xx 000 0 und d cAL aeng a338.954 223bMEDI aMEDOVOY (A I) aIndian economy a3 aMoscowbProgress Publicationsc1984 b3.75cINR aEconomics aIndian Economy